PSICOLOGIA SOCIAL/

TRADUCCION DE: SOCIAL PSYCHOLOGY

محفوظ في:
التفاصيل البيبلوغرافية
المؤلف الرئيسي: Klineberg, Otto (autor)
التنسيق: كتاب
الموضوعات:
الوسوم: إضافة وسم
لا توجد وسوم, كن أول من يضع وسما على هذه التسجيلة!

MARC

LEADER 00000nam^a2200000^a^4500
001 000217716
005 20250521000000.0
009 20260526131746.281
035 |a 014004 
037 |a Acervo Xavier Clavigero 
082 |a 302.  |b KLI 
100 |a Klineberg, Otto  |e (autor) 
245 1 0 |a PSICOLOGIA SOCIAL/  |c OTTO KLINEBERG 
264 |a MEXICO :  |b FONDO DE CULTURA ECONOMICA,  |c 1963 
300 |a 577p. 2ej. 
336 |a texto  |b txt  |2 rdacontenido 
337 |a sin mediación  |b n  |2 rdamedio 
338 |a volumen  |b nc  |2 rdasoporte 
520 |a TRADUCCION DE: SOCIAL PSYCHOLOGY 
520 |a BIBLIOGRAFIA: (P. 524-560) 
520 |a INDICES 
649 |a XX 
650 |a PSICOLOGIA SOCIAL 
910 |a Fondo General 
920 |a Impresos - Libros 
930 |a Colección General 
905 |a 101 
901 |a 014004  |b IT1  |c ACC  |i 014004  |u 20250521 
901 |a 042564  |b IT1  |c ACC  |i 042564  |u 20250521 
902 |a https://opac.biblio.iteso.mx/vufind/Record/000217716